[Event "Titled Tuesday intern op 13th Feb Late"]
[Site "Chess.com INT"]
[Date "2024.02.13"]
[Round "5"]
[White "Aaron, Deepak"]
[Black "Kubicka, Anna"]
[Result "1-0"]
[WhiteElo "2278"]
[BlackElo "2278"]
[PlyCount "77"]
[EventDate "2024.02.13"]
[EventType "swiss (blitz)"]
[EventRounds "11"]
[EventCountry "USA"]
[SourceTitle "CB08_2024"]
[SourceDate "2024.02.21"]
[SourceVersion "1"]
[SourceVersionDate "2024.02.21"]
[SourceQuality "1"]

1. e4 c5 2. Nf3 d6 3. d4 cxd4 4. Nxd4 Nf6 5. Nc3 a6 6. Bc4 e6 7. Bb3 b5 8. f3 Be7 9. Be3 0-0 10. Qd2 Qc7 11. g4 Nc6 12. g5 Ne8 13. Nd5 Nxd4 14. Nxe7+ Qxe7 15. Qxd4 d5 16. exd5 exd5 17. 0-0-0 Be6 18. h4 a5 19. a3 b4 20. a4 Nd6 21. Bf4 Nc4 22. Bxc4 dxc4 23. Bd6 Qd7 24. Bxf8 Qxd4 25. Rxd4 Kxf8 26. Re1 g6 27. Re5 Ke7 28. Rxc4 f6 29. gxf6+ Kxf6 30. Rcc5 b3 31. Rxa5 Rd8 32. Re3 Bf5 33. Rxb3 Re8 34. Rb6+ Kg7 35. Rxf5 gxf5 36. a5 Re3 37. Rb3 Re5 38. a6 Ra5 39. Ra3 1-0

[Event "Titled Tuesday intern op 13th Feb Late"]
[Site "Chess.com INT"]
[Date "2024.02.13"]
[Round "1"]
[White "Aaron, Deepak"]
[Black "Schut, Han"]
[Result "1-0"]
[WhiteElo "2278"]
[BlackElo "2091"]
[PlyCount "51"]
[EventDate "2024.02.13"]
[EventType "swiss (blitz)"]
[EventRounds "11"]
[EventCountry "USA"]
[SourceTitle "CB08_2024"]
[SourceDate "2024.02.21"]
[SourceVersion "1"]
[SourceVersionDate "2024.02.21"]
[SourceQuality "1"]

1. d4 Nf6 2. e3 g6 3. f4 Bg7 4. Nf3 0-0 5. Bd3 d6 6. e4 e5 7. fxe5 dxe5 8. d5 c6 9. c4 cxd5 10. cxd5 Qb6 11. Qe2 Nbd7 12. Be3 Qb4+ 13. Nc3 Nc5 14. 0-0-0 Bg4 15. Bc2 Rac8 16. a3 Nb3+ 17. Kb1 Qa5 18. Bxb3 Rxc3 19. Bd2 Rfc8 20. Bxc3 Rxc3 21. bxc3 Nd7 22. Kb2 Bf8 23. a4 Nc5 24. Qb5 Qd8 25. d6 a6 26. Qxc5 1-0

[Event "Titled Tuesday intern op 16th Jan Late"]
[Site "Chess.com INT"]
[Date "2024.01.16"]
[Round "3"]
[White "Aaron, Deepak"]
[Black "Longson, Alexander"]
[Result "0-1"]
[WhiteElo "2296"]
[BlackElo "2261"]
[PlyCount "144"]
[EventDate "2024.01.16"]
[EventType "swiss (blitz)"]
[EventRounds "11"]
[EventCountry "USA"]
[SourceTitle "CB04_2024"]
[SourceDate "2023.10.16"]
[SourceVersion "1"]
[SourceVersionDate "2023.10.16"]
[SourceQuality "1"]

1. d4 Nf6 2. c4 g6 3. Nc3 d5 4. cxd5 Nxd5 5. e4 Nxc3 6. bxc3 Bg7 7. Bc4 c5 8. Ne2 Nc6 9. Be3 0-0 10. 0-0 Qc7 11. Rc1 Rd8 12. Bb3 b6 13. Qc2 Ba6 14. d5 Na5 15. c4 b5 16. cxb5 Bxb5 17. Bxc5 Nxb3 18. axb3 Rac8 19. b4 a5 20. Qd2 e6 21. d6 Qb7 22. Rfd1 Qxe4 23. Nc3 Qb7 24. Nxb5 Qxb5 25. Be3 Rxc1 26. Rxc1 axb4 27. Bg5 f6 28. Be3 b3 29. g3 b2 30. Rb1 f5 31. Qc2 Rxd6 32. Qc8+ Kf7 33. Bc5 Qd7 34. Qxd7+ Rxd7 35. Ba3 Ra7 36. Bxb2 Rb7 37. Rc1 Bxb2 38. Rc2 Bf6 39. Kg2 g5 40. h3 h5 41. Rc4 Re7 42. Kf3 Kg6 43. Rc6 g4+ 44. hxg4 hxg4+ 45. Ke3 Kf7 46. Rc8 Ra7 47. Kd3 Ra3+ 48. Ke2 Ra2+ 49. Ke3 Be7 50. Rc7 Kf6 51. Rc6 Ra3+ 52. Ke2 Ra2+ 53. Kf1 Rb2 54. Rc7 Bb4 55. Rc8 Ba5 56. f4 gxf3 57. Rc1 Bb6 58. g4 Rf2+ 59. Ke1 Re2+ 60. Kf1 fxg4 61. Rc4 Kg5 62. Rxg4+ Kf5 63. Rf4+ Ke5 64. Rxf3 Rf2+ 65. Rxf2 Bxf2 66. Kxf2 Ke4 67. Ke2 e5 68. Kd2 Kd4 69. Ke2 Ke4 70. Kf2 Kd3 71. Kf3 e4+ 72. Kf2 Kd2 0-1

[Event "Lignano Bella Italia op 2nd"]
[Site "Lignano Sabbiadoro"]
[Date "2023.08.22"]
[Round "8"]
[White "Libiszewski, Fabien"]
[Black "Aaron, Deepak"]
[Result "1-0"]
[WhiteElo "2502"]
[BlackElo "2308"]
[PlyCount "87"]
[EventDate "2023.08.17"]
[EventType "swiss"]
[EventRounds "9"]
[EventCountry "ITA"]
[SourceTitle "EXT 2024"]
[Source "ChessBase"]
[SourceDate "2023.10.10"]
[SourceVersion "1"]
[SourceVersionDate "2023.10.10"]
[SourceQuality "1"]

1. e4 e6 2. d4 d5 3. Nc3 Nf6 4. e5 Nfd7 5. f4 c5 6. Nf3 Nc6 7. Be3 Be7 8. Qd2 0-0 9. h4 cxd4 10. Nxd4 Nxd4 11. Bxd4 f6 12. exf6 Nxf6 13. g3 Bd7 14. 0-0-0 b5 15. Bxb5 Bxb5 16. Nxb5 Ne4 17. Qe3 Bb4 18. Nc3 Bxc3 19. Bxc3 Qb6 20. Rhe1 Qa6 21. Kb1 Rac8 22. Rd3 Rc4 23. Be5 Rfc8 24. Ra3 Ra4 25. Rxa4 Qxa4 26. b3 Qa5 27. Rd1 Rc6 28. Bb2 Rc3 29. Bxc3 Nxc3+ 30. Kc1 Qa3+ 31. Kd2 Ne4+ 32. Ke1 Qxa2 33. f5 Qxc2 34. Rc1 Qg2 35. Rc8+ Kf7 36. Qxa7+ Kf6 37. Rf8+ Ke5 38. Qxg7+ Kd6 39. Rd8+ Kc5 40. Rc8+ Kb4 41. Qd4+ Ka3 42. Ra8+ Kxb3 43. Rb8+ Kc2 44. Rb2+ 1-0